000 00634nam a2200217 a 4500
001 22764
003 CO-ViMGA
008 141112s2004 ck r 000 u spa d
020 _a9788420638898
040 _aCO-ViMGA
_bspa
_cCO-ViMGA
082 0 4 _a843.8 M186h
100 1 _aMaupassant, Guyde
_932504
245 1 0 _aEl horla y otros cuentos maravillosos
260 _aEspaƱa :
_bAlianza
300 _a185p.
505 _aSobre el agua, Loco?, El tio judas, La mano, Un loco, El horla, La dormilona
650 1 4 _aCUENTOS DE TERROR
_91077
650 1 4 _aCUENTOS FANTASTICOS
650 1 4 _aCUENTOS FRANCESES
_91078
942 _2ddc
_cBK
999 _c31061
_d31061